मेरे अहसास (Record no. 7289)

MARC details
000 -LEADER
fixed length control field 01001 a2200241 4500
005 - DATE AND TIME OF LATEST TRANSACTION
control field 20080916124153.0
008 - FIXED-LENGTH DATA ELEMENTS--GENERAL INFORMATION
fixed length control field 080916t xxu||||| |||| 00| 0 hin d
010 ## - LCCN (DPL NO)
LC control number HIN-80911
020 ## - INTERNATIONAL STANDARD BOOK NUMBER
Terms of availability 120.00
International Standard Book Number 8189791028
035 ## - SYSTEM CONTROL NUMBER
System control number HN-53257
037 ## - SOURCE OF ACQUISITION
Source of stock number/acquisition D.B.Act / pub
082 ## - DEWEY DECIMAL CLASSIFICATION NUMBER
Classification number 821
100 ## - MAIN ENTRY--PERSONAL NAME
Personal name सुरजीत 'दुखी'
245 ## - TITLE STATEMENT
Title मेरे अहसास
Statement of responsibility, etc सुरजीत 'दुखी'
246 ## - VARYING FORM OF TITLE
Title proper/short title Mere Ahsas
Remainder of title by Surjit 'Dukhi'
260 ## - PUBLICATION, DISTRIBUTION, ETC. (IMPRINT)
Place of publication, distribution, etc अमृतसर
Name of publisher, distributor, etc आजाद बुक डिपो
Date of publication, distribution, etc 2006
270 ## - ADDRESS
City अमृतसर
Address हाल बाजार
Telephone number 0183- 2292513
300 ## - PHYSICAL DESCRIPTION
Extent 128पृ
Dimensions 22 सेमी (सजिल्द)
650 ## - SUBJECT ADDED ENTRY--TOPICAL TERM
Topical term or geographic name as entry element हिन्दी कविताएँ
650 ## - SUBJECT ADDED ENTRY--TOPICAL TERM
Topical term or geographic name as entry element Hindi Pomes
942 ## - ADDED ENTRY ELEMENTS (KOHA)
Institution code [OBSOLETE] dpl
Item type Hindi Books
Call number prefix 821 / सुरजी
Source of classification or shelving scheme Dewey Decimal Classification
Classification part 821
Call number suffix सुरजी
Holdings
Withdrawn status Lost status Source of classification or shelving scheme Damaged status Not for loan Home library Current library Date acquired Cost, normal purchase price Total Checkouts Full call number Barcode Date last seen Copy number Cost, replacement price Koha item type
    Dewey Decimal Classification     D.B.Act.Division D.B.Act.Division 16/09/2008 120.00   821 सुरजी HN-53257 15/09/2008 1 120.00 Hindi Books

© Delhi Public Library
Hit Counter
free hit counter